000 00429nam a2200181Ia 4500
001 20615
005 20260306172819.0
008 260306t1997||||xx |||||||||||||| ||spa||
041 _aESP
082 _a343.52
_bC33 V. 4
100 _aCastillo Freyre, Mario
_eAUT
245 0 _aTodos los poderes del presidente
260 _c1997
300 _apágs. :
_ccm.
650 _aGEN
654 _aCDE
942 _cLIB
_dJUS
_fJUS
_2ddc
_n
999 _c20615
_d20615